| 000 | 00722cab a2200217 4500 | ||
|---|---|---|---|
| 001 | WB3501-55 | ||
| 008 | 090401t1998 xxu||||| |||| 00| 0 eng d | ||
| 035 | _a(Sirsi) u90442 | ||
| 041 | _aeng | ||
| 245 | _aStatistics of planning applications | ||
| 260 | _c1998 | ||
| 350 | _a0 | ||
| 490 |
_aDETR News Release _v(1068) 17 December 1998 (6) |
||
| 520 | _aStatistics of planning applications and decisions for the period July to September 1998 are now available on the World Wide Web at: http://www.planning.detr.gov.uk/pd/plus/comment.htm | ||
| 650 | _aPLANNING APPLICATIONS | ||
| 650 | _aPLANNING DECISIONS | ||
| 650 | _aSTATISTICS | ||
| 690 | _aPLANNING LAW AND PRACTICE | ||
| 942 | _n0 | ||
| 948 | _c22/12/1998 | ||
| 999 |
_c57344 _d57344 |
||